Testirovanije po inostrannym jazykam i testologija

Úvaha o zmysle testovania a testológie. Vnímanie problematiky na Slovensku.

Salvato in:
Dettagli Bibliografici
Autore principale: Kvapil, Roman, 1971-
Natura: Capitolo di libro
Lingua:slovacco
Soggetti:
Tags: Aggiungi Tag
Nessun Tag, puoi essere il primo ad aggiungerne!!

MARC

LEADER 00000naa$a2200000$$$4500
001 0225509
005 20240502073710.7
041 0 |a slo 
044 |a SK 
245 1 0 |a Testirovanije po inostrannym jazykam i testologija  |c Roman Kvapil 
520 |a Úvaha o zmysle testovania a testológie. Vnímanie problematiky na Slovensku. 
610 2 0 |a vzdelávanie 
610 2 0 |a testy didaktické 
610 2 0 |a jazyky cudzie 
610 2 0 |a ruština 
610 2 0 |a slovenčina 
100 1 |a Kvapil, Roman, 1971-